COUNSELING, A COMPREHENSIVE PROFESSION (Record no. 22859)
[ view plain ]
| 000 -LEADER | |
|---|---|
| fixed length control field | 00349nam a22001577a 4500 |
| 003 - CONTROL NUMBER IDENTIFIER | |
| control field | SGT |
| 020 ## - INTERNATIONAL STANDARD BOOK NUMBER | |
| International Standard Book Number | 9789353061807 |
| 082 ## - DEWEY DECIMAL CLASSIFICATION NUMBER | |
| Classification number | 158.3,GLA |
| 100 ## - MAIN ENTRY--PERSONAL NAME | |
| Personal name | GLADDING,SAMUEL.T |
| 245 ## - TITLE STATEMENT | |
| Title | COUNSELING, A COMPREHENSIVE PROFESSION |
| 250 ## - EDITION STATEMENT | |
| Edition statement | 8TH |
| 260 ## - PUBLICATION, DISTRIBUTION, ETC. (IMPRINT) | |
| Place of publication, distribution, etc | NOIDA |
| Name of publisher, distributor, etc | PEARSON |
| Year of Publication | 2022 |
| 300 ## - PAGE DESCRIPTION | |
| No. of Pages | 744 |
| 650 ## - SUBJECT ADDED ENTRY--TOPICAL TERM | |
| Topical term or geographic name as entry element | PSYCHOLOGY |
| 942 ## - ADDED ENTRY ELEMENTS (KOHA) | |
| Source of classification or shelving scheme | Dewey Decimal Classification |
| Koha item type | Books |
| 942 ## - ADDED ENTRY ELEMENTS (KOHA) | |
| -- | 36 |
| Withdrawn status | Lost status | Source of classification or shelving scheme | Damaged status | Not for loan | Collection code | Home library | Current library | Shelving location | Date acquired | Vendor Name | Cost, normal purchase price | SGTU | Bill Number | Total Checkouts | Full call number | Accession No. (Barcode) | Date last seen | Date last borrowed | Bill Date | Koha item type | Checked out |
|---|---|---|---|---|---|---|---|---|---|---|---|---|---|---|---|---|---|---|---|---|---|
| Dewey Decimal Classification | ENGINEERING | SGT Engineering Library | SGT Engineering Library | Text Book | 17/06/2022 | AHUJA BOOK COMPANY PVT. | 615.00 | SGTU | 14478 | 19 | 158.3,GLA | FE8399 | 07/05/2026 | 07/05/2026 | 19/05/2022 | Books | |||||
| Dewey Decimal Classification | ENGINEERING | SGT Engineering Library | SGT Engineering Library | Text Book | 17/06/2022 | AHUJA BOOK COMPANY PVT. | 615.00 | SGTU | 14478 | 24 | 158.3,GLA | FE8400 | 25/09/2025 | 25/09/2025 | 19/05/2022 | Books | 24/11/2025 |